Normal view
MARC view
- Human behavior.
Entry Topical Term
001 - CONTROL NUMBER
- control field: 49402
003 - CONTROL NUMBER IDENTIFIER
- control field: OSt
005 - DATE AND TIME OF LATEST TRANSACTION
- control field: 20231002185318.0
008 - FIXED-LENGTH DATA ELEMENTS
- fixed length control field: 231002|| aca||aabn | a|a d
040 ## - CATALOGING SOURCE
- Original cataloging agency: OSt
- Transcribing agency: OSt
150 ## - HEADING--TOPICAL TERM
- Topical term or geographic name entry element: Human behavior.
670 ## - SOURCE DATA FOUND
- Source citation: Work cat.: (OSt): Hamlin, Robert G. author. 49401, Toward an emergent Asian behavioural model of perceived managerial and leadership effectiveness : , June 2020.
